000
00247nam a2200097Ia 4500
001
1253355
005
20251031150952.0
008
251031s9999 xx 000 0 und d
245
0
_c
ERHAN AKMAN
_a
Y-2 SELÇUKLU ASLANI
260
_b
YEDİTEPE YAYINLARI
999
_c
1253355
_d
1253355